LIBRARY & INFORMATION CENTRE, KCAET, TAVANUR

ONLINE PUBLIC ACCESS CATALOGUE (OPAC)

Electrical and Electronic Measuremets and Instrumentation (Record no. 14670)

MARC details
000 -LEADER
fixed length control field 00339nam a22001337a 4500
020 ## - INTERNATIONAL STANDARD BOOK NUMBER
ISBN 812192989x
082 ## - DEWEY DECIMAL CLASSIFICATION NUMBER
Classification number 621.371
Item number RAJ/EL
100 ## - MAIN ENTRY--AUTHOR NAME
Personal name Rajput R.K.
245 ## - TITLE STATEMENT
Title Electrical and Electronic Measuremets and Instrumentation
250 ## - EDITION STATEMENT
Edition statement 2 nd
260 ## - PUBLICATION, DISTRIBUTION, ETC. (IMPRINT)
Place of publication New Delhi
Name of publisher S.Chand and Company Ltd.
Year of publication 2012
300 ## - PHYSICAL DESCRIPTION
Number of Pages 1275
942 ## - ADDED ENTRY ELEMENTS (KOHA)
Koha item type Books
Holdings
Withdrawn status Lost status Damaged status Collection code Home library Current library Shelving location Date acquired Source of acquisition Cost, normal purchase price Full call number Accession Number Koha item type
        KAUAET KAUAET General Stacks 25/07/2016 Penta Books Distributors, Calicut. 475.00 621.371 RAJ/EL 24171 Books
free website counter